000 00459nab a2200145Ia 4500
003 ES-SlBCS
005 20211013145622.0
008 140529s1996 xxu||||| |||| 00| 0 spa d
041 _aspa
100 1 _aBiord Castillo, Raúl
_970054
245 0 0 _aDel signo al símbolo. Análisis semiótico y simbólico
_c Raúl Biord Castillo
650 0 4 _aAnálisis Semiótico
_9220408
773 0 _tAnthropos
_gvol. 17, nº. 32-33, 1996, págs. 21-44
_wRev38
942 _cAR
999 _c615252
_d615252